| 000 | 00559nam a2200157 4500 | ||
|---|---|---|---|
| 008 | 0 1992 0a 000 0USA | ||
| 020 | _a0-8306-3476-2 | ||
| 050 | _aQA76.9.M45 B154 | ||
| 082 | _a001.64 B122m | ||
| 100 | _aBailes, Lenny | ||
| 245 | _aMemory Management and multitasking Beyond 640K / Lenny Bailes, Mueller John | ||
| 260 | _aUnited States of America : McGraw-Hill | ||
| 300 | _axvi, 434 p. / 24 cm. | ||
| 500 | _aIncluye ap‚ndice, contenido. | ||
| 650 | _a1.MEMORY MANAGEMENT (COMPUTERE SCIENCE) \ 2.MULTIASKING (COMPUTERE SCIENCE) | ||
| 999 |
_c11863 _d11863 |
||